| 000 | 00000nam##2200000za#4500 |
| 001 | 9.670852 |
| 003 | CaOODSP |
| 005 | 20210615125757 |
| 007 | ta |
| 008 | 150407|2009||||xxc||||| f|0| 0 fre|d |
| 020 | |a978-0-662-06442-8 |
| 040 | |aCaOODSP|bfre |
| 041 | |aeng |
| 041 | |afre |
| 043 | |an-cn--- |
| 086 | 1 |aA114-36/2009 |
| 110 | 1 |aCanada. |bAgriculture et agroalimentaire Canada. |bSecrétariat rural. |
| 245 | 10|aBase de données sur les collectivités : |bInformation sur les collectivités canadiennes à portée de mains ! |
| 260 | |aOttawa - Ontario : |bAgriculture et Agroalimentaire Canada. |cc2009. |
| 300 | |aTexte français, 1 feuille pliée, [3]p. : |bill. en couleur ; |c22 cm. |
| 563 | |aDépliant |
| 590 | |a09-45|b2009-11-06 |
| 691 | 07|aBase de données|2gcpds |
| 691 | 07|aStatistiques démographiques|2gcpds |
| 776 | 0#|tCommunity Information Database : |w(CaOODSP)9.675363 |
| 791 | |tCommunity Information Database : |eeng|w(CaOODSP)9.670851 |
| 986 | |aAAC No : 10730B |